| Поле | Инд. | ПП | Название | Значение |
|---|---|---|---|---|
| Тип записи | a | |||
| Библиографический уровень | b | |||
| 001 | Контрольный номер | RU/IS/BASE/441220433 | ||
| 005 | Дата корректировки | 20200522191632.2 | ||
| 008 | Кодируемые данные | 20131224 | ||
| 040 | b | Код языка каталог. | rus | |
| e | Правила каталог. | PSBO | ||
| 041 | 0_ | a | Код языка текста | rus |
| 084 | a | Индекс другой классификации/Индекс ББК | 65.261.713 | |
| 100 | 1_ | a | Автор | Горохова Д. |
| 245 | 10 | a | Заглавие | История становления и современный взгляд на управление бюджетными рисками субъектов Российской Федерации |
| 504 | a | Библиография | Лит. в конце статьи | |
| 520 | a | Аннотация | Описывается методология управления бюджетными рисками на основе применения элементов риск-менеджмента. Охарактеризованы основные приемы и методы управления бюджетными рисками объектов Российской Федерации. Предлагается авторская трактовка понятий "бюджетный риск" и "управление бюджетными рисками". | |
| 650 | 14 | a | Основная рубрика | региональные финансы |
| a | Основная рубрика | финансы | ||
| a | Основная рубрика | экономика | ||
| 653 | 1_ | a | Ключевые слова | бюджетная устойчивость |
| a | Ключевые слова | бюджетные риски | ||
| a | Ключевые слова | конкурентоспособность экономики | ||
| a | Ключевые слова | макроэкономика | ||
| a | Ключевые слова | Россия | ||
| a | Ключевые слова | социально-экономическое развитие | ||
| a | Ключевые слова | субъекты федерации | ||
| a | Ключевые слова | управление рисками (риск-менеджмент) | ||
| a | Ключевые слова | устойчивое развитие | ||
| a | Ключевые слова | федеральный бюджет | ||
| a | Ключевые слова | экономический рост | ||
| a | Ключевые слова | эффективность экономики | ||
| 773 | 08 | t | Заглавие источника | РИСК: ресурсы, информация, снабжение, конкуренция |
| d | Дата издания источника | 2012 | ||
| g | Прочая информация | № 3. - С. 180 - 185 : схем. | ||
| w | Контрольный № источника | RU/IS/BASE/407439363 | ||
| 901 | t | Тип документа | b |